书目信息 |
| 题名: |
陶瓷工业机械设备
|
|
| 作者: | 李祖兴 主编 | |
| 分册: | ||
| 出版信息: | 北京 中国轻工业出版社 1993.04 |
|
| 页数: | 400页 | |
| 开本: | 20cm | |
| 丛书名: | ||
| 单 册: | ||
| 中图分类: | TQ174.6 | |
| 科图分类: | ||
| 主题词: | 陶瓷工业 | |
| 电子资源: | ||
| ISBN: | 7-5019-1356-0 | |
| 000 | 00646nam0 2200217 450 | |
| 001 | 0851934615 | |
| 005 | 20080105142613.86 | |
| 010 | @a7-5019-1356-0@dCNY22.00 | |
| 100 | @a20080105d1993 km y0chiy0120 ea | |
| 101 | 0 | @achi |
| 102 | @aCN@b110000 | |
| 200 | 1 | @a陶瓷工业机械设备@Atao ci gong ye ji xie she bei@f李祖兴主编@Fli zu xing zhu bian |
| 210 | @a北京@c中国轻工业出版社@d1993.04 | |
| 215 | @a400页@d20cm | |
| 300 | @a中等专业学校轻工专业教材 | |
| 606 | 0 | @a陶瓷工业 |
| 690 | @aTQ174.6@v4 | |
| 701 | 0 | @a李祖兴@Ali zu xing@4主编 |
| 801 | 0 | @aCN@b大连网信软件有限公司图书馆@c20080105 |
| 905 | @aBZT@dTQ174.6@e1 | |
| 906 | @dCNY22.00@n0@r1 | |
| 陶瓷工业机械设备/李祖兴主编.-北京:中国轻工业出版社,1993.04 |
| 400页;20cm |
| 中等专业学校轻工专业教材 |
| ISBN 7-5019-1356-0:CNY22.00 |
| ● |
| 相关链接 |
|
|
|
正题名:陶瓷工业机械设备
索取号:TQ174.6/1
 
预约/预借
| 序号 | 登录号 | 条形码 | 馆藏地/架位号 | 状态 | 备注 |
| 1 | 633505 | 2000633505 | 中心书库中库/ 中库026架A面6列4层49/ [索取号:TQ174.6/1] | 在馆 | |
| 2 | 633506 | 2000633506 | 中心书库中库/ 中库026架A面6列4层48/ [索取号:TQ174.6/1] | 在馆 | |
| 3 | 633507 | 2000633507 | 中心书库中库/ 中库026架A面6列4层47/ [索取号:TQ174.6/1] | 在馆 | |
| 4 | 633508 | 2000633508 | 中心书库中库/ 中库026架A面6列4层46/ [索取号:TQ174.6/1] | 在馆 | |
| 5 | 633509 | 2000633509 | 中心书库中库/ 中库026架A面6列4层54/ [索取号:TQ174.6/1] | 在馆 | |
| 6 | 633510 | 2000633510 | 中心书库中库/ 中库026架A面6列4层52/ [索取号:TQ174.6/1] | 在馆 | |
| 7 | 633511 | 2000633511 | 中心书库中库/ 中库026架A面6列4层53/ [索取号:TQ174.6/1] | 在馆 | |
| 8 | 633512 | 2000633512 | 中心书库中库/ 中库026架A面6列4层50/ [索取号:TQ174.6/1] | 在馆 | |
| 9 | 633513 | 2000633513 | 中心书库中库/ 中库026架A面6列4层51/ [索取号:TQ174.6/1] | 在馆 | |
| 10 | 633514 | 2000633514 | 中心书库中库/ 中库026架A面6列4层55/ [索取号:TQ174.6/1] | 在馆 |